La guerra civil europea 1917-1945: nacionalsocialismo y bolchevismo
Uloženo v:
| Hlavní autor: | |
|---|---|
| Médium: | Kniha |
| Jazyk: | španělština |
| Vydáno: |
Ciudad de México
Fondo de Cultura Económica
1994
|
| Edice: | Sección de Obras de Historia
|
| Témata: | |
| Tagy: |
Přidat tag
Žádné tagy, Buďte první, kdo vytvoří štítek k tomuto záznamu!
|
MARC
| LEADER | 00000nam a2200000 a 4500 | ||
|---|---|---|---|
| 001 | UCP1711 | ||
| 003 | CL-VaPUC | ||
| 008 | 990426e19940000MX |||||||||||||||||spa|d | ||
| 082 | 0 | 4 | |a 940.5 |b NOL |2 21 |
| 100 | |a Nolte, Ernst |e autor |9 455596 | ||
| 245 | 1 | 3 | |a La guerra civil europea 1917-1945: nacionalsocialismo y bolchevismo |
| 300 | |a 516 p | ||
| 942 | |c BK | ||
| 945 | |d 19990426 00:00:00 |a rbrito | ||
| 260 | |a Ciudad de México |b Fondo de Cultura Económica |c 1994 | ||
| 650 | 7 | |a NACIONALSOCIALISMO |2 CL-VaPUC |9 314512 | |
| 650 | 0 | |a Revolución rusa |9 343225 | |
| 650 | 0 | |a Guerra civil |9 320243 | |
| 650 | 7 | |a GUERRA MUNDIAL |2 CL-VaPUC |9 346688 | |
| 650 | 0 | |a Comunismo |9 255588 | |
| 583 | |a last modification |c 19990426 00:00:00 |k Rodrigo Vera | ||
| 490 | 0 | |a Sección de Obras de Historia | |
| 999 | |c 280366 |d 280364 | ||
| 952 | |0 0 |1 0 |4 0 |6 940_500000000000000_NOL_1994 |7 0 |8 A |9 320638 |a BIBHIS |b BIBHIS |d 2019-11-20 |i 3510913 |o 940.5 NOL 1994 |p 3510913 |r 2025-01-20 |w 2019-11-20 |y BK |k HIS | ||
| 952 | |0 0 |1 0 |4 0 |6 940_500000000000000_NOL_1994 |7 0 |8 A |9 320639 |a BIBHIS |b BIBHIS |d 2019-11-20 |i 324945K |o 940.5 NOL 1994 |p 324945K |r 2025-01-20 |w 2019-11-20 |y BK |k HIS | ||